000 00422nam a22001691a 4500
003 NEGST
005 20150513020005.0
008 030714s1993 ilu 001 0 eng d
020 _a0802471021
100 1 _aBlythe, LeGette.
245 1 0 _aSoul on fire : the turbulent times of Pa.
260 _aChicago :
_bMoody press,
_c1993.
300 _a361p.
590 _aAccession number: 30542
942 0 0 _01
999 _c42673
_d42649